Statistics for Songs By First Line(s) #3

Click here to take the quiz!

General Stats

  • This quiz has been taken 56 times
  • The average score is 8 of 20

Answer Stats

Hint Title and Artist % Correct
I've got sunshine on a cloudy day When it's cold outside I've got the month of MayMy Girl
74%
Creedence Clearwater Revival
74%
Left a good job in the city Workin' for the man ev'ry night and dayProud Mary
70%
Sittin' in the morning sun I'll be sittin' when the evenin' come Watchin' the ships roll in And then I watch 'em roll away again(Sittin ' On) The Dock Of The Bay
66%
Otis Redding
62%
When you're weary feeling small When tears are in your eyes I'll dry them all I'm on you side when times get rough And friends just can't be foundBridge Over Troubled Water
55%
The Temptations
53%
Simon & Garfunkel
47%
Lou Reed
43%
When you're down and troubled And you need a helping hand And nothing nothing is going right Close your eyes and think of me And soon I will be thereYou've Got A Friend
40%
Holly came from Miami FLA Hitch-hiked her way across the USAWalk On The Wild Side
40%
A modern day warrior Mean mean stride Today's ___ ______ Mean mean prideTom Sawyer
36%
Rush
34%
Imagine Dragons
32%
I'm waking up to ash and dust I wipe my brow and sweat my rustRadioactive
30%
James Taylor
23%
The Police
23%
There's a little black spot on the sun today It's the same old thing as yesterdayKing Of Pain
21%
Emerson Lake and Palmer
11%
He had white horses and ladies by the score All dressed in satin and waiting by the doorLucky Man
11%

Score Distribution

Percentile by Number Answered

Percent of People with Each Score

Your Score History

You have not taken this quiz